| 000 | 00000nam##2200000za#4500 |
| 001 | 9.570570 |
| 003 | CaOODSP |
| 005 | 20220623092432 |
| 007 | cr ||||||||||| |
| 008 | 150406|1995||||xxc|||||o f|0| 0 eng|d |
| 040 | |aCaOODSP|beng |
| 043 | |an-cn--- |
| 086 | 1 |aC21-23/3E-PDF |
| 110 | 1 |aCanada. |bIndustry Canada. |
| 245 | 14|aThe role of R&D consortia in technology development : |h[electronic resource]|boccasional paper number 3, February 1995 / |cby Vinod Kumar and Sunder Magun. |
| 260 | |aOttawa - Ontario : |bIndustry Canada |cFebruary 1995. |
| 300 | |a76p.|breferences, tables |
| 490 | 1 |aOccasional paper|vNo. 3 |
| 590 | |a11-09-Supp|b2011-06-30 |
| 720 | 1 |aKumar, Vinod |
| 720 | 1 |aMagun, Sunder |
| 775 | 08|tLe rôle des consortiums de R-D dans le développement de la technologie : |w(CaOODSP)9.601219 |
| 776 | 0#|tThe role of R&D consortia in technology development / |w(CaOODSP)9.525506 |
| 776 | 0#|tLe rôle des consortiums de R-D dans le développement de la technologie / |w(CaOODSP)9.525507 |
| 830 | #0|aOccasional paper (Canada. Industry Canada)|vNo. 3|w(CaOODSP)9.504752 |
| 856 | 40|ahttp://publications.gc.ca|qPDF|s170 KB|uhttps://publications.gc.ca/collections/Collection/C21-23-3E.pdf|yNo. 3 |